000
00283 a2200133 4500
001
48865
040
_c
Anchieta - Bela Vista
100
_a
Dansa, Lecticia
240
1
0
_a
PinĂ³quio
_l
por
245
1
0
_a
PinĂ³quio
362
0
_a
2010
650
4
_a
Literatura infanto-juvenil
942
_c
BK
999
_c
48865
_d
48865